00341nam a22001337a 4500020001800000040000900018082002000027100001800047110002000065245002700085250001600112260004200128650003700170 a9789332559592 cNUST a005.133-C++ DEI aDeitel, Paul  aDeitel, Harvey  aC++ : bHow to Program a9TH EDITION aNEW DELHI:bPEARSON EDUCATION,c2016. aDME TEXTBOOK.C++ HOW TO PROGRAM